| 000 | 01317namaa22003131i 4500 | ||
|---|---|---|---|
| 005 | 20260402113844.0 | ||
| 008 | 260402s1995 ua a|||frm||| 000 0 eng d | ||
| 040 |
_aEG-GICUC _beng _cEG-GICUC _dEG-GICUC _erda |
||
| 041 | 0 |
_aeng _beng _bara |
|
| 049 | _aDeposit | ||
| 097 | _aM.Sc | ||
| 099 | _aCai01.11.14.M.Sc.1995.Ma.E | ||
| 100 | 0 |
_aMazen Mohamed Atef, _epreparation. |
|
| 245 | 1 | 0 |
_aEvaluation of the Effect of Treatment on Histopathological picture of Keloid / _cBy Mazen Mohamed Atef ; Supervisors Prof. Dr. Ahmed Gameel El Sharkawi, Prof. Dr. Dalal Anwar Elwi |
| 246 | 1 | 5 | _aتقييم لتأثير العلاج علي الصورة المستوباثولوجية للجدارات |
| 264 | 0 | _c1995. | |
| 300 |
_a185 Leaves _billustrations _c30 cm. + |
||
| 336 |
_2rda content _atext |
||
| 337 |
_2rdamedia _aUnmediated |
||
| 338 |
_2rdacarrier _avolume |
||
| 502 | _aThesis (M.Sc.)Cairo University, 1995 | ||
| 504 | _aBibliography: pages 92-185 | ||
| 653 | 0 | _aTreatment on Histopathological picture of Keloid | |
| 700 | 0 |
_aAhmed Gameel El Sharkawi _ethesis advisor. |
|
| 700 | 0 |
_aDalal Anwar Elwi _ethesis advisor. |
|
| 900 |
_DDepartment of General Surgery _FFaculty of Medicine _UCairo University _b1995 _cAhmed Gameel El Sharkawi _cDalal Anwar Elwi |
||
| 905 | _aNehad | ||
| 942 |
_2ddc _cTH _e21 _n0 |
||
| 999 | _c179142 | ||